000 00505nam a2200133 4500
999 _c16817
_d16817
008 180426b ||||| |||| 00| 0 eng d
082 _aDPer 050 Dec 2015-Mar 2016 T48 v186-187
100 _aZacharek, Stephanie.
_944976
245 _aThe wave offers a humbling vision as an idyllic world turns deadly/
_cStephanie Zacharek.
260 _aNew York:
_bTime Inc.,
_c©Dec 2015-Mar 2016.
300 _av187 n9, page 43:
_billustrations;
_c27 cm.
650 _aMotion pictures.
_927173
942 _2ddc
_cPER